The inner circle / (Record no. 700)

MARC details
000 -LEADER
fixed length control field 01592cam a2200361 a 4500
005 - DATE AND TIME OF LATEST TRANSACTION
control field 20260322212030.0
008 - FIXED-LENGTH DATA ELEMENTS--GENERAL INFORMATION
fixed length control field data
010 ## - LIBRARY OF CONGRESS CONTROL NUMBER
LC control number 2010036506
020 ## - INTERNATIONAL STANDARD BOOK NUMBER
International Standard Book Number 9780446577892 (regular ed.)
020 ## - INTERNATIONAL STANDARD BOOK NUMBER
International Standard Book Number 0446577898 (regular ed.)
020 ## - INTERNATIONAL STANDARD BOOK NUMBER
Canceled/invalid ISBN 9780446573719 (large print ed.)
020 ## - INTERNATIONAL STANDARD BOOK NUMBER
Canceled/invalid ISBN 9780446573719 (large print ed.) (large print ed.)
020 ## - INTERNATIONAL STANDARD BOOK NUMBER
International Standard Book Number 0446577898
040 ## - CATALOGING SOURCE
Original cataloging agency DLC
Language of cataloging eng
Transcribing agency DLC
Modifying agency DLC
-- BTCTA
-- YDXCP
-- M{dollar}K
-- UPZ
-- IH9
-- CWJ
-- ZPX
-- LF3
-- OCLCQ
-- HBP
-- CDX
-- CD5
-- Q2V
-- UPM
-- DLC
043 ## - GEOGRAPHIC AREA CODE
Geographic area code n-us-dc
050 00 - LIBRARY OF CONGRESS CALL NUMBER
Classification number PS3563.E4496
Item number I56 2011
082 00 - DEWEY DECIMAL CLASSIFICATION NUMBER
Classification number 813/.54
Edition information 22
099 ## - LOCAL FREE-TEXT CALL NUMBER (OCLC)
Classification number MELTZB
001 - CONTROL NUMBER
control field data
100 1# - MAIN ENTRY--PERSONAL NAME
Personal name Meltzer, Brad.
245 14 - TITLE STATEMENT
Title The inner circle /
Statement of responsibility, etc. Brad Meltzer.
250 ## - EDITION STATEMENT
Edition statement 1st ed.
260 ## - PUBLICATION, DISTRIBUTION, ETC.
Place of publication, distribution, etc. New York :
Name of publisher, distributor, etc. Grand Central Pub.,
Date of publication, distribution, etc. 2011.
300 ## - PHYSICAL DESCRIPTION
Extent ix, 449 p. ;
Dimensions 24 cm.
520 ## - SUMMARY, ETC.
Summary, etc. A young archivist working in the National Archives and his childhood crush accidentally happen upon a priceless artifact--a 200-year-old dictionary that once belonged to George Washington--hidden inside a desk chair. Eager to discover why the President is hiding this important national treasure, the two soon find themselves entangled in a web of deception, conspiracy, and murder that will reveal the most well kept secret of the U.S. Presidency.
610 10 - SUBJECT ADDED ENTRY--CORPORATE NAME
Corporate name or jurisdiction name as entry element United States.
Subordinate unit National Archives and Records Administration
Form subdivision Fiction.
650 #0 - SUBJECT ADDED ENTRY--TOPICAL TERM
Topical term or geographic name entry element Archivists
Form subdivision Fiction.
650 #0 - SUBJECT ADDED ENTRY--TOPICAL TERM
Topical term or geographic name entry element Conspiracies
Form subdivision Fiction.
650 #0 - SUBJECT ADDED ENTRY--TOPICAL TERM
Topical term or geographic name entry element Suspense fiction.
Source of heading or term gsafd
651 #0 - SUBJECT ADDED ENTRY--GEOGRAPHIC NAME
Geographic name Washington (D.C.)
Form subdivision Fiction.
655 #0 - INDEX TERM--GENRE/FORM
Genre/form data or focus term Political fiction.
655 #7 - INDEX TERM--GENRE/FORM
Genre/form data or focus term Suspense fiction.
Source of term gsafd
Holdings
Withdrawn status Lost status Damaged status Not for loan Home library Current library Shelving location Date acquired Total checkouts Full call number Barcode Date last seen Price effective from Koha item type
        Centerville Centerville General stacks 22/03/2026   813/.54 22 BC0010717 22/03/2026 22/03/2026 Books